MARC

Tag First Indicator Second Indicator Subfields
LEADER 00000cgm a2200000Mi 4500
001 in00005551921
006 m o c
007 cr |||||||||||
008 100813s1966 cau--- o vleng d
005 20241201230619.2
035 |a (OCoLC)ocn853116940 
040 |a UBY  |b eng  |e pn  |c UBY  |d OCLCO  |d OCLCQ  |d OCLCA  |d CUS  |d OCLCO  |d OCLCL 
035 |a (OCoLC)853116940 
049 |a TXAM 
245 0 0 |a Universal Newsreels, Release 91, November 10, 1966. 
264 1 |a Hollywood, CA :  |b Universal Pictures Company Incorporated,  |c 1966. 
300 |a 1 online resource. 
306 |a 000609 
336 |a two-dimensional moving image  |b tdi  |2 rdacontent 
337 |a computer  |b c  |2 rdamedia 
338 |a online resource  |b cr  |2 rdacarrier 
344 |a digital  |2 rdatr 
347 |a video file  |2 rdaft 
546 |a In English. 
653 0 2 |a North American Air Defense Command 
653 0 1 |a Rockefeller, Nelson Aldrich, 1908-1979 
653 0 1 |a Reagan, Ronald Wilson, 1911-2004 
653 0 0 |a Voting 
653 0 0 |a Great Depression, 1929-1941 
653 0 4 |a The Sixties (1960-1974) 
653 0 6 |a Documentary 
653 0 4 |a 1966 
653 0 5 |a Washington 
655 0 |a Streaming video. 
700 1 |a Willkie, Wendell L.  |q (Wendell Lewis),  |d 1892-1944,  |e speaker.  |4 spk  |1 https://id.oclc.org/worldcat/entity/E39PBJvRYbMwV7d3tKWDJ9TJXd 
710 2 |a Universal Newsreel,  |e assignee.  |4 asg 
758 |i has work:  |a Universal Newsreels, Release 91, November 10, 1966 (MovingImage)  |1 https://id.oclc.org/worldcat/entity/E39PCGh7wBv4G8yg8Pb9gF4VP3  |4 https://id.oclc.org/worldcat/ontology/hasWork 
856 4 0 |u http://proxy.library.tamu.edu/login?url=https://www.aspresolver.com/aspresolver.asp?AVN2;1790576  |z Connect to this streaming video (Alexander Street Press)  |t 0 
955 |a Alexander Street Press subscription streaming video 
994 |a 92  |b TXA 
999 f f |s 1b899677-bf40-4485-a3b7-35a845cb6894  |i be122182-1b5e-4ae1-a3ef-530d381cfd5e  |t 0 
952 f f |a Texas A&M University  |b College Station  |c Electronic Resources  |d Available Online  |t 0  |h Library of Congress classification 
998 f f |t 0  |l Available Online